| 000 | 00671cam a22001934a 4500 | ||
|---|---|---|---|
| 020 | _a1559639237 (paper : alk. paper) | ||
| 040 | _cDLC | ||
| 082 | 0 | 0 | _a333 LSL 2002 A19 Or. |
| 245 | 0 | 0 |
_aTerrestrial ecoregions of the Indo-Pacific : _ba conservation assessment / |
| 260 |
_aWashington, D.C. : _bIsland Press, _cc2002. |
||
| 300 |
_axxix, 643 p. : _bcol. ill., maps (some col.) ; _c28 cm. |
||
| 500 | _a"World Wildlife Fund--United States." | ||
| 650 | 0 | _aBiodiversity conservation | |
| 650 | 0 | _aEcological regions | |
| 650 | 0 | _aEcology | |
| 700 | 1 | _aWikramanayake, Eric D. | |
| 856 | 4 | 2 | _uhttp://www.loc.gov/catdir/enhancements/fy0666/2001006930-d.html |
| 942 | _cEK | ||
| 999 |
_c12339 _d12339 |
||